00685nam a2200205Ia 4500003000400000005001700004008004100021020001800062040001800080041000800098082002200106100002500128245011100153250001200264260007300276300002900349650005000378650002600428700002500454OSt20220928113942.0210716s2018 xx 000 0 und d a9789352137008 cAIMIT LIBRARY aeng a005.448 21bGOAS aGoasguen, Sebastien. aKubernetes cookbook :bbuilding cloud native applications /cBy Sebastien Goasguen and Michael Hausenblas. a1st ed. aNew Delhi :bShroff Publications and Distributers Pvt Ltd ,c2018 . axvi, 172p. ;bPBc23 cm. aExploring the kubernetes API and key metadata aDeveloping kubernetes aHausenblas, Michael.